000 00845cam a22002655i 4500
008
020 _a9780123984715 (hbk.)
049 _aMAIN
050 1 4 _aQK898.P764
_bPOL
245 0 0 _aPolyphenols in human health and disease /
_cedited by Ronald Ross Watson, Victor R. Preedy, Sherma Zibadi.
260 _aAmsterdam :
_bElsevier,
_c2014.
300 _axxxiii, 869 p. :
_bill.(some col.) ;
_c28 cm.
504 _aIncludes bibliographical references.
500 _aIncludes notes.
650 0 _aPolyphenols
_xPhysiological effect.
650 0 _aPolyphenols
_xTherapeutic use.
700 1 _aWatson, Ronald R.
700 1 _aPreedy, Victor R.
700 1 _aZibadi, Sherma.
907 _a.b10359084
_b27-08-15
_c24-08-15
003
005 20230123122140.0
040 _cNUST
942 _cBOOKS
999 _c128646
_d128646